000 00224nam a2200097Ia 4500
008 240331s9999 xx 000 0 und d
082 _bPUT
100 _aPon Vijayan,
245 0 _aPuthiya Nampikai :
_bIssue 57, 1994
942 _cL
999 _c4222
_d4222